01438nam a2200337 a 4500001001000000003000500010005001700015008004100032010001100073011001100084040000900095090001000104100004300114245013600157260004100293500006000334502008300394590004100477590004000518590004000558650003600598650003900634650003900673856007000712901000700782942001000789942000600799999001900805952014000824952013600964000112397CHAP20220329144303.0160309s2016 mx a fsm |||||||spa d a108858 a109830 cCHAP aTesis1 aPosadas Camacho, Martha Teresa913067310aEstrategias didácticas para el aprendizaje significativo de la Epistemología/h[En línea]cpor Martha Teresa Posadas Camacho. aChapingo, Méx. :bEl autor,c2016. aPara ver el contenido del material haga clic en la liga aTesis (Maestra en Procesos Educativos) -- UACH. Centro de Educación Continua aE11695DGDb10c20160310lUCH01h0925 aE6096MTMb05c20160309lUCH01h1235 aE6096MTMb05c20160309lUCH01h123714aAprendizaje, Teoría del9637314aConocimiento, Teoría del.92723214aEnseñanzaxMetodología.937086 aFinding aiduhttp://10.13.5.2/tesis/sist112397.pdfzTeclea aquí aBK cTESIS n0 c108858d108858 00102local4053708TESISaBCbBCcPA_TESISd2016-03-09fTESISl0oTesisp33724002519785r2019-12-31 00:00:00tc.2w2019-12-31yTESIS 00104054718TESISaBCbBCd2016-03-09fTESISl0oTesisp33724002519868r2019-12-31 00:00:00w2019-12-31yTESISzRecien adquirido